000 02776nam0a2200457 4500
001 RU\NLR\BIBL_A\012630617
005 20260408020846.0
010 _a978-5-98686-125-8
_9300
035 _a(NLR Aleph) 012630617
090 _a12665783
_c12665783
100 _a20211025d2021 |||y0rusy50 ca
101 0 _arus
102 _aRU
105 _ah|||z|||000zy
181 0 _ai3
_baxxe
182 0 _an
200 1 _aПроблема атрибуции в журналах "Время", "Эпоха", и еженедельнике "Гражданин"
_eмонография
_fА.А. Рогов, Р.В. Абрамов, Д.Д. Бучнева [и др.]
_gМинистерство науки и высшего образования Российской Федерации, Федеральное государственное бюджетное образовательное учреждение высшего образования "Петрозаводский государственный университет"
203 _aТекст
_bвизуальный
_cнепосредственный
210 _aПетрозаводск
_cОстрова
_d2021
215 _a391 с.
_cфакс.
_d24
320 _aБиблиогр.: с. 372-389 (208 назв.)
600 1 _aДостоевский
_bФ. М.
_f1821 - 1881
_gФедор Михайлович
_xТекстология
_92314160
_3RU\NLR\AUTH\661384824
600 1 _aДостоевский
_bФ.М.
_f1821 - 1881
_gФедор Михайлович
_xкак журналист
_91001272
_3RU\NLR\AUTH\66379703
606 1 _aАтрибуция литературных произведений
_91058385
_3RU\NLR\AUTH\6691991
686 2 _aШ5(2=Р)52-4Достоевский590
686 2 _aШ5(2=Р)52-4Достоевский39
686 2 _aШ4в6
701 1 _aРогов
_bА. А.
_gАлександр Александрович
701 1 _aАбрамов
_bР.В.
_gРоман Владимирович
701 1 _aБучнева
_bД.Д.
_gДарья Дмитриевна
712 0 2 _4570
_a"Время", журнал М. М. и Ф. М. Достоевских
_c1861-1863; Петербург
_9438026
_3RU\NLR\AUTH\880385927
712 0 2 _4570
_a"Эпоха", журнал М. М. и Ф. М. Достоевских
_c1864-1865; Петербург
_9463281
_3RU\NLR\AUTH\880398269
712 0 2 _4570
_a"Гражданин", журнал-газета
_c1872-1914; Санкт-Петербург
_3RU\NLR\AUTH\8810180481
_9857333
942 _cBOOK
980 _aNB